000
00224nam a2200085Ia 4500
008
180219s9999 xx 000 0 und d
100
_a
Sharma R A
245
0
_a
Tatv Memasha Ghanmimasha Mulyamimasha Avam Shiksha
260
_a
R Lall Meerut
260
_c
2014
999
_c
42238
_d
42238